| 000 | 00384nam a2200133Ia 4500 | ||
|---|---|---|---|
| 005 | 20251222141829.0 | ||
| 008 | 251222s9999||||xx |||||||||||||| ||spa|| | ||
| 020 | _a978-9972-57-131-2 | ||
| 082 | _a658.022/B34A | ||
| 100 | _aBecerra Marzano, Ana María | ||
| 245 | 0 | _aAspectos Básicos de Marketing para la Micro y Pequeña Empresa | |
| 264 | _bUniversidad del Pacífico | ||
| 942 | _cLIB | ||
| 999 |
_c7040 _d7040 |
||